| Поле | Инд. | ПП | Название | Значение |
|---|---|---|---|---|
| Тип записи | a | |||
| Библиографический уровень | m | |||
| 001 | Контрольный номер | 8dc7278f-1275-446f-83ac-8e424d524903 | ||
| 005 | Дата корректировки | 20140703140647.4 | ||
| 008 | Кодируемые данные | 051121 | ||
| 020 | a | ISBN | 5-16-001082-3 | |
| c | Цена, тираж | 79.97 | ||
| 040 | a | Служба первич. каталог. | НБ ТвГУ | |
| 041 | a | Код языка текста | rus | |
| 080 | a | Индекс УДК | 174(075.8) | |
| a | Индекс УДК | 316.6 | ||
| 084 | a | Индекс другой классификации/Индекс ББК | Ю705.4я73-1 | |
| 090 | x | Авторский знак | К38 | |
| a | Полочн. индекс | Ю705.4 | ||
| 100 | 1_ | a | Автор | Кибанов Ардальон Яковлевич |
| 245 | 10 | a | Заглавие | Этика деловых отношений |
| b | Продолж. заглавия | учеб. для студентов вузов, обучающихся по специальности "Упр. персоналом" | ||
| c | Ответственность | А. Я. Кибанов, Д. К. Захаров, В. Г. Коновалова ; [под ред. А. Я. Кибанова] ; М-во образования Рос. Федерации, Гос. ун-т упр. | ||
| 260 | 0_ | a | Место издания | Москва |
| b | Издательство | ИНФРА-М | ||
| c | Дата издания | 2005 | ||
| 300 | a | Объем | 367 с. | |
| 440 | a | Серия | Высшее образование | |
| 504 | a | Библиография | Библиогр.: с. 361-364. | |
| 583 | a | Действие | Получение впервые 342 17.11.2005 | |
| k | Исполнитель действия | ООО "Юристъ- Гардарика" | ||
| 650 | a | Основная рубрика | Общение деловое | |
| x | Основная подрубрика | Этика | ||
| x | Основная подрубрика | Психология | ||
| x | Основная подрубрика | Учебники для вузов | ||
| 650 | a | Основная рубрика | Профессиональная этика | |
| 653 | a | Ключевые слова | Деловая этика | |
| a | Ключевые слова | Деловые отношения | ||
| a | Ключевые слова | Профессиональная этика | ||
| a | Ключевые слова | Общение | ||
| a | Ключевые слова | Психология общения | ||
| 700 | 1_ | a | Другие авторы | Захаров Дмитрий Кириллович |
| e | Роль лиц | авт. | ||
| 700 | 1_ | a | Другие авторы | Коновалова Валерия Германовна |
| e | Роль лиц | авт. | ||
| 852 | t | Порядковый номер экземпляра | 29 | |
| p | Инвентарный номер | 825087 | ||
| p | Инвентарный номер | 825088 | ||
| p | Инвентарный номер | 825089 | ||
| p | Инвентарный номер | 825092 | ||
| p | Инвентарный номер | 825093 | ||
| p | Инвентарный номер | 825094 | ||
| p | Инвентарный номер | 825095 | ||
| p | Инвентарный номер | 825096 | ||
| p | Инвентарный номер | 825097 | ||
| p | Инвентарный номер | 825098 | ||
| p | Инвентарный номер | 825099 | ||
| p | Инвентарный номер | 825104 | ||
| p | Инвентарный номер | 825114 | ||
| p | Инвентарный номер | 825115 | ||
| p | Инвентарный номер | 825116 | ||
| p | Инвентарный номер | 825117 | ||
| p | Инвентарный номер | 825118 | ||
| p | Инвентарный номер | 825119 | ||
| p | Инвентарный номер | 825120 | ||
| p | Инвентарный номер | 825121 | ||
| p | Инвентарный номер | 825122 | ||
| p | Инвентарный номер | 825123 | ||
| p | Инвентарный номер | 825124 | ||
| p | Инвентарный номер | 825125 | ||
| p | Инвентарный номер | 825126 | ||
| p | Инвентарный номер | 825127 | ||
| p | Инвентарный номер | 825128 | ||
| p | Инвентарный номер | 825129 | ||
| p | Инвентарный номер | 825130 | ||
| 863 | t | 00106959 | ||
| 863 | t | 00106958 | ||
| 863 | t | 00106957 | ||
| 863 | t | 00106954 | ||
| 863 | t | 00106953 | ||
| 863 | t | 00106952 | ||
| 863 | t | 00106951 | ||
| 863 | t | 00106950 | ||
| 863 | t | 00106949 | ||
| 863 | t | 00106948 | ||
| 863 | t | 00106947 | ||
| 863 | t | 00106942 | ||
| 863 | t | 00106933 | ||
| 863 | t | 00106932 | ||
| 863 | t | 00106931 | ||
| 863 | t | 00106930 | ||
| 863 | t | 00106929 | ||
| 863 | t | 00106928 | ||
| 863 | t | 00106927 | ||
| 863 | t | 00106926 | ||
| 863 | t | 00106925 | ||
| 863 | t | 00106924 | ||
| 863 | t | 00106923 | ||
| 863 | t | 00106922 | ||
| 863 | t | 00106921 | ||
| 863 | t | 00106920 | ||
| 863 | t | 00106919 | ||
| 863 | t | 00106918 | ||
| 863 | t | 00106917 | ||
| 863 | t | 00106916 | ||
| 888 | a | За счет средств университета | ||
| 930 | a | Новая/Ретро | учебники | |
| 952 | p | 342.2005 79.97 1 825087 | ||
| p | 342.2005 79.97 1 825088 | |||
| p | 342.2005 79.97 1 825089 | |||
| p | 342.2005 79.97 1 825092 | |||
| p | 342.2005 79.97 1 825093 | |||
| p | 342.2005 79.97 1 825094 | |||
| p | 342.2005 79.97 1 825095 | |||
| p | 342.2005 79.97 1 825096 | |||
| p | 342.2005 79.97 1 825097 | |||
| p | 342.2005 79.97 1 825098 | |||
| p | 342.2005 79.97 1 825099 | |||
| p | 342.2005 79.97 1 825104 | |||
| p | 342.2005 79.97 1 825105 | |||
| p | 342.2005 79.97 1 825113 | |||
| p | 342.2005 79.97 1 825114 | |||
| p | 342.2005 79.97 1 825115 | |||
| p | 342.2005 79.97 1 825116 | |||
| p | 342.2005 79.97 1 825117 | |||
| p | 342.2005 79.97 1 825118 | |||
| p | 342.2005 79.97 1 825119 | |||
| p | 342.2005 79.97 1 825120 | |||
| p | 342.2005 79.97 1 825121 | |||
| p | 342.2005 79.97 1 825122 | |||
| p | 342.2005 79.97 1 825123 | |||
| p | 342.2005 79.97 1 825124 | |||
| p | 342.2005 79.97 1 825125 | |||
| p | 342.2005 79.97 1 825126 | |||
| p | 342.2005 79.97 1 825127 | |||
| p | 342.2005 79.97 1 825128 | |||
| p | 342.2005 79.97 1 825129 | |||
| p | 342.2005 79.97 1 825130 | |||
| c | Вид литературы | К ру | ||
| 954 | a | Дата поступления на обработку | 20051123 | |
| 999 | a | Подразделение 2 | Фил1 |